000 00557nam a22001697a 4500
999 _c189216
_d189216
005 20220622115347.0
010 _aENG-133308
020 _c125.00
035 _aEN-116840
037 _bDBAD/PUB
082 _a665.7420218
245 _aThe Gas Cylinders Rules, 2004/
260 _aDelhi
_bUniversal Law Publishing Co.Pvt. Ltd
_c2011
270 _bDelhi
_aC-FF-1A, Dilkhush Industrial Estate, (Opp. Hans Cinema, Azadpur) G.T. Karnal Road
_e110033
_medit@unilawbooks.com
300 _avp.
_c24cm(pbk)
942 _2ddc
_cEN
_h665.7420218
_mTHE